Catálogo público

Biotecnologies in developing countries : (Record no. 200508)

MARC details
000 -CABECERA
campo de control de longitud fija 00724nam a2200265Ia 4500
001 - NÚMERO DE CONTROL
campo de control Para_1861
003 - IDENTIFICADOR DEL NÚMERO DE CONTROL
campo de control CHAP
008 - DATOS DE LONGITUD FIJA--INFORMACIÓN GENERAL
campo de control de longitud fija 220125s1993 xx 000 0 und d
010 ## - NÚMERO DE CONTROL DE LA BIBLIOTECA DEL CONGRESO
Número de control de LC 200508
040 ## - FUENTE DE LA CATALOGACIÓN
Centro/agencia transcriptor CHAP
082 ## - NÚMERO DE LA CLASIFICACIÓN DECIMAL DEWEY
Número de clasificación PA 664 S38
100 ## - ENTRADA PRINCIPAL--NOMBRE DE PERSONA
Nombre de persona Sasson, Albert
9 (RLIN) 102689
245 ## - MENCIÓN DE TÍTULO
Título Biotecnologies in developing countries :
Resto del título present and future /
Mención de responsabilidad, etc. by Albet Sasson
260 ## - PUBLICACIÓN, DISTRIBUCIÓN, ETC.
Lugar de publicación, distribución, etc. France :
Nombre del editor, distribuidor, etc. UNESCO
300 ## - DESCRIPCIÓN FÍSICA
Extensión V.
500 ## - NOTA GENERAL
Nota general La biblioteca tiene: V.1, Regional and National Sunvey
650 ## - PUNTO DE ACCESO ADICIONAL DE MATERIA--TÉRMINO DE MATERIA
Término de materia o nombre geográfico como elemento de entrada Biotecnología
9 (RLIN) 12878
901 ## - ELEMENTOS DE DATOS A LOCAL LDA (RLIN)
a PA 664 S38
902 ## - ELEMENTOS DE DATOS B LOCAL, LDB (RLIN)
a A
905 ## - ELEMENTOS DE DATOS E LOCAL, LDE (RLIN)
a 0000001993 0000000000 00
910 ## - DATOS DE OPCIÓN DEL USUARIO (OCLC)
Datos de opción del usuario 1993
942 ## - ELEMENTOS DE PUNTO DE ACCESO ADICIONAL (KOHA)
Tipo de ítem Koha Parasitologia_
942 ## - ELEMENTOS DE PUNTO DE ACCESO ADICIONAL (KOHA)
Tipo de ítem Koha Parasitologia_
-- 1
Holdings
Estado de retiro Estado de pérdida Fuente del sistema de clasificación o colocación Estado dañado Restricciones de uso No para préstamo Código de colección Localización permanente Ubicación/localización actual Fecha de adquisición Número de inventario Total de préstamos Signatura topográfica completa Código de barras Fecha visto por última vez Número de copia Precio válido a partir de Tipo de ítem Koha Nota pública
    Dewey Decimal Classification   Préstamo interno   General Parasitologia Agricola Parasitologia Agricola 27/10/2005 (PA_7500) (No. UACh C/E)   PA 664 S38 4102003947 25/01/2022 Ej.1 25/01/2022 Libro 3